000 00316nam a22001457a 4500
008 210305b ||||| |||| 00| 0 eng d
020 _a9780073379241
041 _aeng
080 _24th
_a7
082 _a7
100 _a44
101 _aART
245 _aLaunching the Imagination
_cStewart, M
942 _2udc
_cBK
999 _c55853
_d55853